| 000 | 01186nam a2200325 a 4500 | ||
|---|---|---|---|
| 001 | 000116338 | ||
| 003 | CHAP | ||
| 005 | 20220329144610.0 | ||
| 008 | 191219s2019 mx a |sm |||||||spa d | ||
| 010 | _a112799 | ||
| 011 | _a113771 | ||
| 040 | _cCHAP | ||
| 090 | _aTesis | ||
| 100 | 1 |
_aVentura Flores, Noemi. _9137159 |
|
| 245 | 1 | 0 |
_aHuella hidrica de la leche producida en los sistemas campesino y empresarial de Zacatecas, México _h[En línea] _cpor Noemi Ventura Flores. |
| 260 |
_aChapingo, Méx. : _bEl autor, _c2019. |
||
| 500 | _aPara ver el contenido del material haga clic en la liga | ||
| 502 | _aTesis (Ingeniero en Sistemas Agrícolas) -- UACH. Unidad Regional Universitaria de Zonas Áridas | ||
| 590 |
_aE6337LMJ _b05 _c20191219 _lUCH01 _h1019 |
||
| 590 |
_aE6337LMJ _b05 _c20191219 _lUCH01 _h1019 |
||
| 650 | 1 | 4 |
_aLeche _xCalidad. _965362 |
| 650 | 1 | 4 |
_aLeche _xCostos de producción. _965371 |
| 650 | 1 | 4 |
_aLeche _xProcesado. _965399 |
| 650 | 1 | 4 |
_aLeche _xProducción _zZacatecas. _9137161 |
| 700 | 1 |
_aMorales Mendoza, Elias. _9137160 |
|
| 856 |
_aFinding aid _uhttp://10.13.5.2/tesis/sist116338.pdf _zTeclea aquí |
||
| 901 | _aBK | ||
| 942 | _cTESIS | ||
| 942 | _n0 | ||
| 999 |
_c112799 _d112799 |
||